Undecidable theories /
Guardado en:
| Autor Principal: | |
|---|---|
| Otros Autores: | , |
| Formato: | Libro |
| Idioma: | English |
| Publicado: |
Amsterdam :
North-Holland,
1953.
|
| Series: | Studies in logic and the foundations of mathematics
|
| Etiquetas: |
Agregar Etiqueta
Sin Etiquetas, Sea el primero en etiquetar este registro!
|
| LEADER | 00713nam a22001935a 4500 | ||
|---|---|---|---|
| 001 | MAT.inmabb000416 | ||
| 008 | 031125s1953####ne#######b####001#0#eng#d | ||
| 005 | 20110302135813.0 | ||
| 245 | 1 | 0 | |a Undecidable theories / |c by Alfred Tarski ; in collaboration with Andrzej Mostowski and Raphael M. Robinson. |
| 260 | |a Amsterdam : |b North-Holland, |c 1953. | ||
| 300 | |a xi, 98 p. ; |c 22 cm. | ||
| 440 | 0 | |a Studies in logic and the foundations of mathematics | |
| 504 | |a Incluye referencias bibliográficas (p. 89-91). | ||
| 510 | 4 | |a MR, |c 15,384h | |
| 100 | 1 | |a Tarski, Alfred. | |
| 700 | 1 | |a Mostowski, Andrzej. |4 clb | |
| 700 | 1 | |a Robinson, Raphael M. |4 clb | |
| 084 | |a 03D35 (03B25) |2 msc2000 | ||
| 859 | |h 03 |i T193u |p A-149 |b BIB. MATEMATICA | ||
